| 000 | 00815cam a2200241 4500 | ||
|---|---|---|---|
| 001 | WB3710-25 | ||
| 008 | 000000n2001 000 0 eng u | ||
| 035 | _a(Sirsi) u111288 | ||
| 245 | _aGood prospects for global corporate real estate agents | ||
| 260 | _c2001 | ||
| 490 |
_aProperty Week _v66(9) 2 March 2001, 2(1) |
||
| 520 | _aHighlights evidence which suggests that despite the slowdown in the US economy international occupiers are continuing to recruit agents on worldwide and European corporate real estate commissions. | ||
| 590 | _aWB | ||
| 650 | _aOCCUPIERS | ||
| 650 | _aPROPERTY-COMMERCIAL PROPERTY | ||
| 650 | _aCORPORATE ESTATE AGENTS | ||
| 650 | _aMANAGEMENT CONTRACTS | ||
| 650 | _aUNITED STATES | ||
| 650 | _aECONOMY | ||
| 650 | _aEUROPE | ||
| 690 | _aINTERNATIONAL | ||
| 942 | _n0 | ||
| 999 |
_c66313 _d66313 |
||